Australian trade practices law

Bibliographic Details
Main Author: Healey
Format: Book
Published: New South Wales: CCH Australia, 1993.
Edition:2nd ed..
Subjects:
LEADER 00595cam a2200193 7i4500
001 0000003180
005 19991025090000.0
002 ##000004521
020 0 0 |a 1-86264-464-0  
090 0 0 |a ASTL 343.9407   |b AUS 
100 1 0 |a Healey  
245 2 0 |a Australian trade practices law   |c Deborah Healey. 
250 0 0 |a 2nd ed.. 
260 0 0 |a New South Wales:   |b CCH Australia,   |c 1993. 
300 0 0 |a v.p.. 
500 0 0 |a Includes full text of trade practices act and regulations 
650 0 0 |a Trade regulation#  |a Consumer protection  
651 0 0 |a Australia  
999 |a 0000005026  |b Book  |c Open shelf  |e Business Information Centre